Refugees south of the Sahara; (Record no. 120239)
[ view plain ]
| 000 -LEADER | |
|---|---|
| fixed length control field | 01229cam a2200337 4500 |
| 001 - CONTROL NUMBER | |
| control field | 4604761 |
| 003 - CONTROL NUMBER IDENTIFIER | |
| control field | ARRUPE |
| 005 - DATE AND TIME OF LATEST TRANSACTION | |
| control field | 20140320165411.0 |
| 008 - FIXED-LENGTH DATA ELEMENTS--GENERAL INFORMATION | |
| fixed length control field | 701012s1970 ctuab b 001 0 eng |
| 010 ## - LIBRARY OF CONGRESS CONTROL NUMBER | |
| LC control number | 71105994 |
| 020 ## - INTERNATIONAL STANDARD BOOK NUMBER | |
| International Standard Book Number | 0837133246 |
| 035 ## - SYSTEM CONTROL NUMBER | |
| System control number | (OCoLC)ocm00094203 |
| 035 ## - SYSTEM CONTROL NUMBER | |
| System control number | (NNC)4604761 |
| 040 ## - CATALOGING SOURCE | |
| Original cataloging agency | DLC |
| Transcribing agency | DLC |
| 043 ## - GEOGRAPHIC AREA CODE | |
| Geographic area code | f------ |
| 050 00 - LIBRARY OF CONGRESS CALL NUMBER | |
| Classification number | HV640.5.A3 |
| Item number | R43 |
| 098 ## - OTHER CLASSIFICATION SCHEMES (OCLC) | |
| Call number based on other classification scheme | MX11 |
| 300 ## - PHYSICAL DESCRIPTION | |
| Other physical details | illus., maps. |
| Dimensions | 22 cm. |
| 245 00 - TITLE STATEMENT | |
| Title | Refugees south of the Sahara; |
| Remainder of title | an African dilemma. |
| Statement of responsibility, etc | Editors: Hugh C. Brooks [and] Yassin El-Ayouty. |
| 260 ## - PUBLICATION, DISTRIBUTION, ETC. (IMPRINT) | |
| Place of publication, distribution, etc | Westport, Conn., |
| Name of publisher, distributor, etc | Negro Universities Press |
| Date of publication, distribution, etc | [1970] |
| 300 ## - PHYSICAL DESCRIPTION | |
| Extent | xviii, 307 p. |
| 490 1# - SERIES STATEMENT | |
| Series statement | Contributions in Afro-American and African studies ; |
| Volume number/sequential designation | no. 4 |
| 500 ## - GENERAL NOTE | |
| General note | A collection of papers, originally presented at a St. John's University symposium held November 1967. |
| 504 ## - BIBLIOGRAPHY, ETC. NOTE | |
| Bibliography, etc | Includes bibliographical references. |
| 650 #0 - SUBJECT ADDED ENTRY--TOPICAL TERM | |
| Topical term or geographic name as entry element | Refugees |
| Geographic subdivision | Africa. |
| 9 (RLIN) | 9212 |
| 700 1# - ADDED ENTRY--PERSONAL NAME | |
| Personal name | Brooks, Hugh C., |
| Dates associated with a name | 1922-, |
| Relator term | editor. |
| 9 (RLIN) | 9213 |
| 700 1# - ADDED ENTRY--PERSONAL NAME | |
| Personal name | El-Ayouty, Yassin, |
| Dates associated with a name | 1928-, |
| Relator term | editor. |
| 9 (RLIN) | 9214 |
| 710 2# - ADDED ENTRY--CORPORATE NAME | |
| Corporate name or jurisdiction name as entry element | St. John's University (New York, N.Y.) |
| 9 (RLIN) | 9215 |
| 830 #0 - SERIES ADDED ENTRY--UNIFORM TITLE | |
| Uniform title | Contributions in Afro-American and African studies ; |
| Volume number/sequential designation | no. 4. |
| 9 (RLIN) | 9216 |
| 942 ## - ADDED ENTRY ELEMENTS (KOHA) | |
| Source of classification or shelving scheme | Library of Congress Classification |
| Koha item type | REFERENCE |
| Withdrawn status | Lost status | Source of classification or shelving scheme | Damaged status | Not for loan | Collection code | Home library | Current library | Shelving location | Date acquired | Total Checkouts | Full call number | Barcode | Date last seen | Price effective from | Koha item type |
|---|---|---|---|---|---|---|---|---|---|---|---|---|---|---|---|
| Library of Congress Classification | SPECIAL Collection | ARRUPE LIBRARY | ARRUPE LIBRARY | Main Collection | 20/03/2014 | REF HV640.5.A3 R43 | 46500001903 | 20/03/2014 | 20/03/2014 | REFERENCE |